书目信息 |
| 题名: |
放射免疫测定和其它配基测定方法
|
|
| 作者: | Travis , 特拉维斯 著 ;王振纲 译 | |
| 分册: | ||
| 出版信息: | 北京 原子能出版社 1982 |
|
| 页数: | 136页 | |
| 开本: | 19cm | |
| 丛书名: | ||
| 单 册: | ||
| 中图分类: | R144 | |
| 科图分类: | ||
| 主题词: | 放射免疫测定 , 放射卫生 | |
| 电子资源: | ||
| ISBN: | ||
| 000 | 00969nam0 2200289 45 | |
| 001 | 0182009565 | |
| 005 | 20060815091042.04 | |
| 010 | @dCNY0.58 | |
| 091 | @a15175.392 | |
| 100 | @a19950222d1982 emky0chiy0121 ea | |
| 101 | 1 | @achi@ceng |
| 102 | @aCN@b110000 | |
| 105 | @ay z 000yy | |
| 200 | 10 | @a放射免疫测定和其它配基测定方法@Afang she mian yi ce ding he qi ta pei ji ce ding fang fa@e基础理论及操作指导大纲@f(美)特拉维斯(J.C. Travis)著@g王振纲等译 |
| 210 | @a北京@c原子能出版社@d1982 | |
| 215 | @a136页@d19cm | |
| 300 | @a书名原文:Fundamentals of RIA and other ligard assays: a programmed text | |
| 510 | 1 | @aFundamentals of RIA and other ligard assays: a programmed text@zeng |
| 606 | @a放射免疫测定 | |
| 606 | 0 | @a放射卫生 |
| 690 | @aR144@v3 | |
| 701 | A1 | @aTravis@bJ.C.@4著 |
| 701 | 1 | @a特拉维斯@Ate la wei si@bJ.C.@4著 |
| 702 | 0 | @a王振纲@Awang zhen gang@4译 |
| 801 | 2 | @aCN@bNLC@c20060815 |
| 801 | 0 | @aCN@bTSSF |
| 905 | @a10447@dR144@e42 | |
| 放射免疫测定和其它配基测定方法:基础理论及操作指导大纲/(美)特拉维斯(J.C. Travis)著/王振纲等译.-北京:原子能出版社,1982 |
| 136页;19cm |
| 书名原文:Fundamentals of RIA and other ligard assays: a programmed text |
| ISBN :CNY0.58 |
| ● |
| 相关链接 |
|
|
|
|
正题名:放射免疫测定和其它配基测定方法
索取号:R144/42
 
预约/预借
| 序号 | 登录号 | 条形码 | 馆藏地/架位号 | 状态 | 备注 |
| 1 | 0458382 | 204583824 | 密集书库/ [索取号:R144/42] | 在馆 | |
| 2 | 0458560 | 204585608 | 密集书库/ [索取号:R144/42] | 在馆 |